Principles of Management (Record no. 8867)
[ view plain ]
| 000 -LEADER | |
|---|---|
| fixed length control field | 00435nam a2200181Ia 4500 |
| 008 - FIXED-LENGTH DATA ELEMENTS--GENERAL INFORMATION | |
| fixed length control field | 221030s9999 xx 000 0 und d |
| 020 ## - INTERNATIONAL STANDARD BOOK NUMBER | |
| ISBN | 0070220883 |
| 041 ## - LANGUAGE CODE | |
| Language code of text/sound track or separate title | |
| 082 ## - DEWEY DECIMAL CLASSIFICATION NUMBER | |
| Classification number | 105.23 |
| 100 ## - MAIN ENTRY--AUTHOR NAME | |
| Personal name | P. C. Tripathi |
| 245 #0 - TITLE STATEMENT | |
| Title | Principles of Management |
| Statement of responsibility, etc | by P. C. Tripathi, P. N. Reddy |
| 250 ## - EDITION STATEMENT | |
| Edition statement | 4th |
| 260 ## - PUBLICATION, DISTRIBUTION, ETC. (IMPRINT) | |
| Name of publisher | TMH |
| Place of publication | New Delhi |
| Year of publication | 2008 |
| 300 ## - PHYSICAL DESCRIPTION | |
| Number of Pages | 413 |
| 650 ## - SUBJECT ADDED ENTRY--TOPICAL TERM | |
| Topical Term | Management |
| 700 ## - ADDED ENTRY--PERSONAL NAME | |
| Personal name | P. N. Reddy |
| 942 ## - ADDED ENTRY ELEMENTS (KOHA) | |
| Koha item type | Books |
| Accession Number | Cost, normal purchase price | Bill Date | Full call number | Source of acquisition | Price effective from | Koha item type | Withdrawn / writtenoff status | Materials specified (bound volume or other part) | Damaged status | Not for loan | Permanent Location | Current Location | Shelving location | Date acquired | Lost/ Missing status | department |
|---|---|---|---|---|---|---|---|---|---|---|---|---|---|---|---|---|
| MBA 1371 | 275.00 | 110 | 105.23 | Durga Books, Amritsar | 10/30/2022 | Books | Not For Loan | MIET Library, Jammu | MIET Library, Jammu | BL-Academic Block B, FL-1, CUP-140, SH-5, R-5 | 02/22/2010 | MBA | ||||
| MBA 1372 | 413.00 | 110 | 105.23 | Durga Books, Amritsar | 10/30/2022 | Books | MIET Library, Jammu | MIET Library, Jammu | 43/1 | 02/22/2010 | MBA | |||||
| MBA 1373 | 275.00 | 110 | 105.23 | Durga Books, Amritsar | 10/30/2022 | Books | MIET Library, Jammu | MIET Library, Jammu | BL-Academic Block B, FL-1, CUP-61, SH-2, R-2 | 02/22/2010 | MBA | |||||
| MBA 1374 | 275.00 | 110 | 105.23 | Durga Books, Amritsar | 10/30/2022 | Books | MIET Library, Jammu | MIET Library, Jammu | BL-Academic Block B, FL-1, CUP-61, SH-2, R-2 | 02/22/2010 | MBA | |||||
| MBA 1375 | 275.00 | 110 | 105.23 | Durga Books, Amritsar | 10/30/2022 | Books | MIET Library, Jammu | MIET Library, Jammu | 43/1 | 02/22/2010 | MBA |